00760nam a22002177a 450000500170000001000150001702000150003202000270004703500140007403700090008808200130009710000240011024500700013426000430020427000530024730000230030070000100032394200270033399900190036095201630037920250716114953.0 aENG-145990 a9354550487 a9789354550485c1650.00 aEN-129522 bDBAD a954.9205 aBaruah, U.L.983031 aA Bangladesh War Commentary:b1971 Radio Dispatches/cU.L. Baruah aNew Delhi bMacmillan Publishersc2021 a2/10, Ansari Road, DaryaganjbNew Delhi e110002 a148p. c24cm (pb)  924920 2ddccENmBARh954.9205 c212392d212392 001040718NFICaDBADbDBADd2025-07-16eDelivery of Books Act Divisiong1650.00l0oBAR 954.9205pEN-129522r2025-07-16 00:00:00t1v1650.00w2025-07-16yEN